| 000 | 01315nam a2200325 i 4500 | ||
|---|---|---|---|
| 001 | 196803 | ||
| 003 | SpMaBN | ||
| 005 | 20250825062747.0 | ||
| 007 | t| | ||
| 008 | 241203|2024 xx |||||||||||||| ||spa|| | ||
| 017 |
_aM 13692-2024 _bOficina Depósito Legal Madrid |
||
| 020 | _a9788409619153 | ||
| 040 |
_aSpMaBN _bspa _cSpMaBN _erda |
||
| 100 | 1 |
_aAlonso del Moral, Luis _9239348 _eaut |
|
| 245 | 1 | 0 |
_aPablo Zelaya Sierra : _bel legado de un artista universal (Honduras, Costa Rica y España) / _cLuis Alonso del Moral. |
| 250 | _aSegunda edición ampliada : junio de 2024 | ||
| 260 |
_a[Madrid] : _bLuis Alonso del Moral, _c2024. |
||
| 300 |
_a421 páginas ; _c30 cm |
||
| 336 |
_2rdacontent _atexto |
||
| 337 |
_2rdamedia _asin mediación |
||
| 338 |
_2rdacarrier _avolumen |
||
| 600 | 4 |
_aZelaya Sierra, Pablo, _d1896-1933 _9241372 |
|
| 655 | 7 |
_2tgfbne _aLibros ilustrados _9193653 |
|
| 655 | 0 |
_aBiografías _9176647 |
|
| 852 |
_aES-MaACL _cDEPOJ _jN-10203 _gDedicatoria autógrafa del autor _hDonación: Luis Alonso del Moral _xEncuadernación cartoné _9206330 |
||
| 942 |
_cMONOGRAFIA _n0 |
||
| 999 |
_c196803 _d196803 |
||